<?xml version="1.0" encoding="UTF-8"?>
<record
    xmlns:xsi="http://www.w3.org/2001/XMLSchema-instance"
    xsi:schemaLocation="http://www.loc.gov/MARC21/slim http://www.loc.gov/standards/marcxml/schema/MARC21slim.xsd"
    xmlns="http://www.loc.gov/MARC21/slim">

  <leader>02615cam a2200553 a 4500</leader>
  <controlfield tag="001">77920</controlfield>
  <controlfield tag="003">BD-RjUL</controlfield>
  <controlfield tag="005">20211209083050.0</controlfield>
  <controlfield tag="008">040511m20012004ir a     b    000 0 per d</controlfield>
  <datafield tag="020" ind1=" " ind2=" ">
    <subfield code="a">9644221427 (set)</subfield>
  </datafield>
  <datafield tag="020" ind1=" " ind2=" ">
    <subfield code="a">9644224175 (v. 1)</subfield>
  </datafield>
  <datafield tag="020" ind1=" " ind2=" ">
    <subfield code="a">9644220595 (v. 2)</subfield>
  </datafield>
  <datafield tag="020" ind1=" " ind2=" ">
    <subfield code="a">9644221419 (v. 3)</subfield>
  </datafield>
  <datafield tag="020" ind1=" " ind2=" ">
    <subfield code="a">964422048X (v. 4)</subfield>
  </datafield>
  <datafield tag="020" ind1=" " ind2=" ">
    <subfield code="a">9789644224652 (v. 5)</subfield>
  </datafield>
  <datafield tag="020" ind1=" " ind2=" ">
    <subfield code="a">9644224655 (v. 5)</subfield>
  </datafield>
  <datafield tag="020" ind1=" " ind2=" ">
    <subfield code="a">9789644226656 (v. 6)</subfield>
  </datafield>
  <datafield tag="020" ind1=" " ind2=" ">
    <subfield code="a">9644226658 (v. 6)</subfield>
  </datafield>
  <datafield tag="025" ind1=" " ind2=" ">
    <subfield code="a">Ir-P-2004439017; 05; 06</subfield>
  </datafield>
  <datafield tag="035" ind1=" " ind2=" ">
    <subfield code="a">(BD-RjUL)78146</subfield>
  </datafield>
  <datafield tag="040" ind1=" " ind2=" ">
    <subfield code="a">MH</subfield>
    <subfield code="c">MH</subfield>
    <subfield code="d">CStRLIN</subfield>
    <subfield code="d">DLC-R</subfield>
    <subfield code="d">DLC</subfield>
    <subfield code="b">eng</subfield>
  </datafield>
  <datafield tag="041" ind1=" " ind2=" ">
    <subfield code="a">far</subfield>
  </datafield>
  <datafield tag="042" ind1=" " ind2=" ">
    <subfield code="a">lccopycat</subfield>
    <subfield code="a">lcode</subfield>
  </datafield>
  <datafield tag="043" ind1=" " ind2=" ">
    <subfield code="a">ac-----</subfield>
    <subfield code="a">a-af---</subfield>
    <subfield code="a">a-ii---</subfield>
  </datafield>
  <datafield tag="066" ind1=" " ind2=" ">
    <subfield code="c">(3</subfield>
    <subfield code="c">(4</subfield>
  </datafield>
  <datafield tag="082" ind1=" " ind2=" ">
    <subfield code="2">23</subfield>
    <subfield code="a">891.5503</subfield>
    <subfield code="b">AND 2004</subfield>
  </datafield>
  <datafield tag="100" ind1=" " ind2=" ">
    <subfield code="a"> &#x627;&#x646;&#x648;&#x634;&#x647;,  &#x62D;&#x633;&#x646;   An&#x16B;shah, &#x1E24;asan</subfield>
    <subfield code="9">244702</subfield>
  </datafield>
  <datafield tag="245" ind1="0" ind2="0">
    <subfield code="a">&#x62F;&#x627;&#x646;&#x634;&#x646;&#x627;&#x645;&#x6C0; &#x627;&#x62F;&#x628; &#x641;&#x627;&#x631;&#x633;&#x649;  ;;  D&#x101;nishn&#x101;mah-&#x2BC;i adab-i F&#x101;rs&#x12B; /</subfield>
    <subfield code="c">&#x628;&#x647; &#x633;&#x631;&#x67E;&#x631;&#x633;&#x62A;&#x649; &#x62D;&#x633;&#x646; &#x627;&#x646;&#x648;&#x634;&#x647;. ;; bih sarparast&#x12B;-i &#x1E24;asan An&#x16B;shah.</subfield>
  </datafield>
  <datafield tag="246" ind1="1" ind2="5">
    <subfield code="a">Encyclopedia of Persian literature</subfield>
  </datafield>
  <datafield tag="250" ind1=" " ind2=" ">
    <subfield code="a">Ch&#x101;p-i 1.</subfield>
  </datafield>
  <datafield tag="260" ind1=" " ind2=" ">
    <subfield code="a">Tihr&#x101;n :</subfield>
    <subfield code="b">  , &#x62C;&#x62F;&#x647; &#x645;&#x62E;&#x635;&#x648;&#x635; &#x643;&#x631;&#x686;</subfield>
    <subfield code="c">1380-1383 [2001-2004 or 5]</subfield>
  </datafield>
  <datafield tag="300" ind1=" " ind2=" ">
    <subfield code="a">6 v. in 8 :</subfield>
    <subfield code="b">ill. ;</subfield>
    <subfield code="c">30 cm.</subfield>
  </datafield>
  <datafield tag="490" ind1="1" ind2=" ">
    <subfield code="a">Adab&#x12B;y&#x101;t</subfield>
  </datafield>
  <datafield tag="500" ind1=" " ind2=" ">
    <subfield code="a">"V&#x12B;r&#x101;st-i 2."--V. 1, t.p.</subfield>
  </datafield>
  <datafield tag="500" ind1=" " ind2=" ">
    <subfield code="a">"Ch&#x101;p-i 2."--V. 2-3, t.p. verso.</subfield>
  </datafield>
  <datafield tag="504" ind1=" " ind2=" ">
    <subfield code="a">Includes bibliographical references.</subfield>
  </datafield>
  <datafield tag="505" ind1="0" ind2=" ">
    <subfield code="a">jild-i.1. Adab-i F&#x101;rs&#x12B; dar  &#x100;s&#x12B;y&#x101;-yi M&#x12B;y&#x101;nah -- jild-i. 2. Farhangn&#x101;mah-&#x2BC;i adab&#x12B;-i F&#x101;rs&#x12B; [i&#x1E63;&#x1E6D;il&#x101;&#x1E25;&#x101;t, mawz&#x324;&#x16B;&#x2BB;&#x101;t va maz&#x324;&#x101;m&#x12B;n-i adab-i F&#x101;rs&#x12B;] -- jild-i. 3. Adab-i F&#x101;rs&#x12B; dar Afgh&#x101;nist&#x101;n -- jild-i. 4. Adab-i F&#x101;rs&#x12B; dar Shibh&#x2B9;q&#x101;rah (Hind, P&#x101;kist&#x101;n,  Bangl&#x101;dish): bakhsh-i 1. &#x100;-Ch; bakhsh-i 2. &#x1E24;-&#x2BB;A; bakhsh-i 3. Gh-Y. -- jild-i 5. Adab-i F&#x101;rs&#x12B; dar Qafq&#x101;z (&#x100;z&#x332;arb&#x101;yj&#x101;n, Armanist&#x101;n, Gurjist&#x101;n va Jumh&#x16B;r&#x12B;-i Kh&#x16B;dmukht&#x101;r-i D&#x101;ghist&#x101;n) -- jild-i 6. Adab-i F&#x101;rs&#x12B; dar &#x100;n&#x101;t&#x16B;l&#x12B; va B&#x101;lk&#x101;n</subfield>
  </datafield>
  <datafield tag="650" ind1=" " ind2="0">
    <subfield code="a">Persian literature</subfield>
    <subfield code="v">Encyclopedias.</subfield>
    <subfield code="9">244703</subfield>
  </datafield>
  <datafield tag="650" ind1=" " ind2="0">
    <subfield code="a">Persian literature</subfield>
    <subfield code="z">Asia, Central</subfield>
    <subfield code="x">History and criticism.</subfield>
    <subfield code="9">244704</subfield>
  </datafield>
  <datafield tag="650" ind1=" " ind2="0">
    <subfield code="a">Persian literature</subfield>
    <subfield code="z">Afghanistan</subfield>
    <subfield code="x">History and criticism.</subfield>
    <subfield code="9">244705</subfield>
  </datafield>
  <datafield tag="650" ind1=" " ind2="0">
    <subfield code="a">Persian literature</subfield>
    <subfield code="z">India</subfield>
    <subfield code="x">History and criticism.</subfield>
    <subfield code="9">244706</subfield>
  </datafield>
  <datafield tag="650" ind1=" " ind2="0">
    <subfield code="a">Persian literature</subfield>
    <subfield code="z">Pakistan</subfield>
    <subfield code="x">History and criticism.</subfield>
    <subfield code="9">244707</subfield>
  </datafield>
  <datafield tag="650" ind1=" " ind2="0">
    <subfield code="a">Persian literature</subfield>
    <subfield code="z">Bangladesh</subfield>
    <subfield code="x">History and criticism.</subfield>
    <subfield code="9">244708</subfield>
  </datafield>
  <datafield tag="700" ind1="1" ind2=" ">
    <subfield code="a">  &#x62D;&#x633;&#x646; &#x627;&#x646;&#x648;&#x634;&#x647;  ;;  An&#x16B;shah, &#x1E24;asan.</subfield>
    <subfield code="9">244860</subfield>
  </datafield>
  <datafield tag="830" ind1=" " ind2="0">
    <subfield code="a">Adab&#x12B;y&#x101;t (S&#x101;zm&#x101;n-i Ch&#x101;p va Intish&#x101;r&#x101;t (Iran)).</subfield>
    <subfield code="9">244710</subfield>
  </datafield>
  <datafield tag="942" ind1=" " ind2=" ">
    <subfield code="2">ddc</subfield>
    <subfield code="c">REF</subfield>
  </datafield>
  <datafield tag="999" ind1=" " ind2=" ">
    <subfield code="c">77920</subfield>
    <subfield code="d">77920</subfield>
  </datafield>
  <datafield tag="952" ind1=" " ind2=" ">
    <subfield code="0">0</subfield>
    <subfield code="1">0</subfield>
    <subfield code="2">ddc</subfield>
    <subfield code="4">0</subfield>
    <subfield code="7">1</subfield>
    <subfield code="8">NFIC</subfield>
    <subfield code="a">RUCL</subfield>
    <subfield code="b">RUCL</subfield>
    <subfield code="c">Reference</subfield>
    <subfield code="d">2007-08-11</subfield>
    <subfield code="e">Iran Embassy , Dhaka</subfield>
    <subfield code="l">0</subfield>
    <subfield code="o">FR 891.5503 AND V-4 2004</subfield>
    <subfield code="r">2021-02-10 00:00:00</subfield>
    <subfield code="t">C-1</subfield>
    <subfield code="w">2021-12-09</subfield>
    <subfield code="y">REF</subfield>
  </datafield>
  <datafield tag="952" ind1=" " ind2=" ">
    <subfield code="0">0</subfield>
    <subfield code="1">0</subfield>
    <subfield code="2">ddc</subfield>
    <subfield code="4">0</subfield>
    <subfield code="7">0</subfield>
    <subfield code="8">NFIC</subfield>
    <subfield code="a">RUCL</subfield>
    <subfield code="b">RUCL</subfield>
    <subfield code="c">Reference</subfield>
    <subfield code="d">2007-08-11</subfield>
    <subfield code="e">Iran Embassy , Dhaka</subfield>
    <subfield code="l">0</subfield>
    <subfield code="o">FR 891.5503 AND V-4 2004</subfield>
    <subfield code="r">2021-02-10 00:00:00</subfield>
    <subfield code="t">C-2</subfield>
    <subfield code="w">2021-12-09</subfield>
    <subfield code="y">REF</subfield>
  </datafield>
  <datafield tag="952" ind1=" " ind2=" ">
    <subfield code="0">0</subfield>
    <subfield code="1">0</subfield>
    <subfield code="2">ddc</subfield>
    <subfield code="4">0</subfield>
    <subfield code="7">1</subfield>
    <subfield code="8">NFIC</subfield>
    <subfield code="a">RUCL</subfield>
    <subfield code="b">RUCL</subfield>
    <subfield code="c">Reference</subfield>
    <subfield code="d">2007-08-11</subfield>
    <subfield code="e">Iran Embassy , Dhaka</subfield>
    <subfield code="l">0</subfield>
    <subfield code="o">FR 891.5503 AND V-4 2004</subfield>
    <subfield code="r">2021-02-10 00:00:00</subfield>
    <subfield code="t">C-3</subfield>
    <subfield code="w">2021-12-09</subfield>
    <subfield code="y">REF</subfield>
  </datafield>
</record>
